குடியியற் கல்வி தரம் 08
Kudiyiyat kalvi
Saved in:
| Format: | Book |
|---|---|
| Language: | Sinhalese |
| Published: |
பத்தரமுல்லை :
கல்வி வெளியீட்டுத் திணைக்களம்,
2019. 2021, 2025.
|
| Edition: | 4ம் பதி ; |
| Subjects: | |
| Tags: |
Add Tag
No Tags, Be the first to tag this record!
|
MARC
| LEADER | 00000nam a22000007a 4500 | ||
|---|---|---|---|
| 003 | LK-CoNLD | ||
| 005 | 20260309130043.0 | ||
| 008 | 191017b ||||| |||| 00| 0 sin d | ||
| 015 | |2 slnb |a slnb201909 | ||
| 017 | |a 459458, 473662 |b LK-CoDNA | ||
| 017 | |a 506680 | ||
| 020 | |a 9789552501371 | ||
| 040 | |a LK-CoNLD |b TAM |c LK-CoNLD |d LK-CoNLD | ||
| 082 | |2 23 |q LK-CoNLD |a 300.7 | ||
| 245 | |a குடியியற் கல்வி தரம் 08 | ||
| 250 | |a 4ம் பதி ; | ||
| 260 | |a பத்தரமுல்லை : |b கல்வி வெளியீட்டுத் திணைக்களம், |c 2019. 2021, 2025. | ||
| 300 | |a ப. ix, 154 ; |b கஇ-மஉ : விலை தரப்படவில்லை |c ச.மீ. 24. | ||
| 500 | |6 [Rs. 154*3.25 = 500.50] | ||
| 650 | 0 | |9 55797 |a சமூகக் கல்வி | |
| 880 | |6 245-1 |a Kudiyiyat kalvi | ||
| 942 | |c BOOK | ||
| 945 | |c 22 |d Logeshwary RAMASAMY | ||
| 999 | |c 228633 |d 228633 | ||